Eureka /

Guardado en:
Detalles Bibliográficos
Autores principales: Rindt, Eduard (Autor), Peterka, Jiří (Autor)
Formato: Libro
Publicado: Slušovice : JZD, 1990
Etiquetas: Agregar Etiqueta
Sin Etiquetas, Sea el primero en etiquetar este registro!

MARC

LEADER 00000nam a22000003a 4500
001 stu47152
005 20150617225710.6
008 ------s1990----cs----------------------d
040 |a STU  |b slo 
041 0
044 |a cs 
080 |a 681.3.066 
100 1 |a Rindt, Eduard  |4 aut 
245 1 |a Eureka /  |c [aut.] Peterka,Jiří; Rindt,Eduard 
260 |a Slušovice :  |b JZD,  |c 1990 
300 |a 120 s 
700 1 |a Peterka, Jiří  |4 aut 
996 |b J86152  |c J*86152/K 2  |l JJK2  |s P  |a 0  |w stu47152_0001